| 000 | 00376nam a22001577a 4500 | ||
|---|---|---|---|
| 003 | SGT | ||
| 020 | _a978-93-5025-883-5 | ||
| 082 |
_a616.0757 _bD12C |
||
| 100 | _aCHOWDHURY, VEENA | ||
| 245 | _aDIAGNOSTIC RADIOLOGY : MUSCULAKELETAL AND BEAST IMAGING | ||
| 250 | _a3RD | ||
| 260 |
_aINDIA _bJAYPEE PUB _c2012 |
||
| 300 | _a546 | ||
| 650 | _aRADIOLOGY | ||
| 942 |
_2ddc _cBK |
||
| 999 |
_c18699 _d18699 |
||